000 00563nam a2200205Ia 4500
005 20250508150609.0
008 008 250505s9999 xx 000 0 eng d
037 _aTextual
040 _aFEDL
_beng
_cFEDL
041 _aeng
_2eng
084 _a150.195, LOR
_qFEDL
100 _aLorand Sandor Ed.
_9755888
245 0 _aPsycho - analysis today
260 _aLondon, UK
_bGeorge Allen and Unwin Ltd.
_c1948
300 _axvi,404p
365 _aINR
_b195
650 _aPsychology
942 _cTEXL
_h150.195, LOR
999 _c1324483
_d1324483